|
|
|
|
| LEADER |
02288nam a2200349 a 4500 |
| 001 |
GR-Patra25360 |
| 008 |
080423s2005 nju g b 001 0 eng d |
| 020 |
|
|
|a 0130413313
|
| 040 |
|
|
|a GrPaTEI
|b gre
|c GR-PaULI
|
| 040 |
|
|
|a GrPaTEI
|b gre
|c GR-PaULI
|
| 082 |
|
0 |
|a 658.404
|2 22
|
| 100 |
1 |
|
|a Shtub, Avraham
|
| 245 |
1 |
0 |
|a Project management :
|b Processes, methodologies, and economics /
|c Avraham Shtub, Jonathan F. Bard, Shlomo Globerson.
|
| 250 |
|
|
|a 2nd ed.
|
| 260 |
|
|
|a Upper Saddle River :
|b Prentice Hall,
|c c2005
|
| 300 |
|
|
|a xx, 668 σ. :
|b εικ.
|
| 504 |
|
|
|a Περιλαμβάνει βιβλιογραφίες και ευρετήριο.
|
| 610 |
2 |
4 |
|a Παράρτημα Αμαλιάδος.
|b Τμήμα Εφαρμογών Πληροφορικής στη Διοίκηση και την Οικονομία
|
| 650 |
|
0 |
|a Engineering
|x Management
|
| 650 |
|
0 |
|a Project management
|
| 650 |
|
4 |
|a Μηχανική
|x Μάνατζμεντ
|
| 700 |
1 |
|
|a Bard, Jonathan F.
|
| 700 |
1 |
|
|a Globerson, Shlomo
|
| 942 |
|
|
|2 ddc
|
| 952 |
|
|
|0 0
|1 0
|2 ddc
|4 0
|6 658_404000000000000_SHT
|7 0
|9 307095
|a LISK
|b LISK
|c BSC
|d 2021-01-17
|e 24
|f 0
|g 0.00
|l 0
|o 658.404 SHT
|p 92410039157
|r 2021-01-17 00:00:00
|t 1
|w 2021-01-17
|y BK15
|x 20080423 0 1
|x GrPaTEI
|
| 952 |
|
|
|0 0
|1 0
|2 ddc
|4 0
|6 658_404000000000000_SHT
|7 0
|9 307096
|a LISK
|b LISK
|c BSC
|d 2021-01-17
|e 24
|f 0
|g 0.00
|l 0
|o 658.404 SHT
|p 92410039488
|r 2021-01-17 00:00:00
|t 1
|w 2021-01-17
|y BK15
|x 20080423 0 1
|x GrPaTEI
|
| 952 |
|
|
|0 0
|1 0
|2 ddc
|4 0
|6 658_404000000000000_SHT
|7 1
|9 307097
|a LISK
|b LISK
|c BSC
|d 2021-01-17
|e 24
|f 0
|g 0.00
|l 0
|o 658.404 SHT
|p 92410039489
|r 2021-01-17 00:00:00
|t 1
|w 2021-01-17
|y BKN
|x 20080423 0 0
|x GrPaTEI
|
| 952 |
|
|
|0 0
|1 0
|2 ddc
|4 0
|6 658_404000000000000_SHT
|7 0
|9 307098
|a LISK
|b LISK
|c BSC
|d 2021-01-17
|e 24
|f 0
|g 0.00
|l 0
|o 658.404 SHT
|p 92410039158
|r 2021-01-17 00:00:00
|t 1
|w 2021-01-17
|y BK15
|x 20080423 0 1
|x GrPaTEI
|
| 952 |
|
|
|0 0
|1 0
|2 ddc
|4 0
|6 658_404000000000000_SHT
|7 0
|9 307099
|a LISK
|b LISK
|c BSC
|d 2021-01-17
|e 24
|f 0
|g 0.00
|l 0
|o 658.404 SHT
|p 92410039159
|r 2021-01-17 00:00:00
|t 1
|w 2021-01-17
|y BK15
|x 20080423 0 1
|x GrPaTEI
|
| 952 |
|
|
|0 0
|1 0
|2 ddc
|4 0
|6 658_404000000000000_SHT
|7 0
|9 307100
|a LISK
|b LISK
|c BSC
|d 2021-01-17
|e 24
|f 0
|g 0.00
|l 0
|o 658.404 SHT
|p 92410039487
|r 2021-01-17 00:00:00
|t 1
|w 2021-01-17
|y BK15
|x 20080423 0 1
|x GrPaTEI
|
| 971 |
|
|
|a .b26729325
|b 15-04-20
|c 26-09-16
|
| 999 |
|
|
|c 177317
|d 177317
|